| 000 | 01353nam a2200349 i 4500 | ||
|---|---|---|---|
| 003 | CO-BoRNBP | ||
| 005 | 20250219092940.0 | ||
| 007 | ta | ||
| 008 | 250219s2023 ck a|||| |||| 00| 0 spa d | ||
| 020 | _a9786289568943 | ||
| 040 |
_aCO-BoRNBP _bspa _cCO-BoRNBP _erda |
||
| 041 |
_aspa _hita |
||
| 084 | _aP TES1 | ||
| 100 | 1 |
_aTessaro, Gek _d1957- _eautor _958560 |
|
| 245 | 1 | 0 |
_aAntes estaban los dinosaurios/ _cGek Tessaro; ilustraciones y texto Satoshi Kitamura; traducción, Marta Tutone |
| 250 | _aEdición especial | ||
| 264 | 1 |
_aMedellín, Colombia: _bA S ediciones _c2023 |
|
| 264 | 4 | _c©2023 | |
| 300 |
_a40 páginas sin numerar, _bilustraciones a color, _calto 23 cm ancho 30 cm |
||
| 336 |
_2rdacontent _atexto _btxt |
||
| 337 |
_2rdamedia _asin mediación _bn |
||
| 338 |
_2rdacarrier _avolumen _bnc |
||
| 490 |
_aPlan Nacional de Lectura, Escritura y Oralidad _pMinisterio de Cultura |
||
| 521 | _aRecomendado para un público infantil entre 5 a 6 años | ||
| 650 | 1 | 7 |
_2ARMARC _aPoesía infantil italiana _vSiglo XXI _958561 |
| 650 | 1 | 7 |
_2ARMARC _aLiteratura infantil italiana _vSiglo XXI _958562 |
| 650 | 1 | 7 |
_2ARMARC _aDinosaurios en la literatura _958563 |
| 650 | 1 | 7 |
_2ARMARC _aAnimales prehistóricos en la literatura _958564 |
| 700 | 1 |
_aKitamura, Satoshi _eilustrador |
|
| 700 | 1 |
_aTutone, Marta _etraductora _9871 |
|
| 942 |
_2ddc _cBKINF |
||
| 999 |
_c56926 _d56926 |
||